ბათუმის შოთა რუსთაველის სახელმწიფო უნივერსიტეტის ბიბლიოთეკა

Construction Planning Equipment,and Methods / (ბიბ.ჩანაწერი № 41111)

000 -LEADER
fixed length control field 00684nam a2200205Ia 4500
001 - CONTROL NUMBER
control field 7761
003 - CONTROL NUMBER IDENTIFIER
control field GE_BSU
005 - DATE AND TIME OF LATEST TRANSACTION
control field 20221114145415.0
008 - FIXED-LENGTH DATA ELEMENTS--GENERAL INFORMATION
fixed length control field 181216s2011en xx |||||||||||||| ||eng||
020 ## - INTERNATIONAL STANDARD BOOK NUMBER
International Standard Book Number 9780071289511x
040 ## - CATALOGING SOURCE
Transcribing agency GE_BSU
041 ## - LANGUAGE CODE
Language code of text/sound track or separate title eng
080 ## - UNIVERSAL DECIMAL CLASSIFICATION NUMBER
Universal Decimal Classification number 690 C-74
245 ## - TITLE STATEMENT
Title Construction Planning Equipment,and Methods /
Statement of responsibility, etc. Robert L.Peurifoy, Clifford J.
264 ## - PRODUCTION, PUBLICATION, DISTRIBUTION, MANUFACTURE, AND COPYRIGHT NOTICE
Place of production, publication, distribution, manufacture New York :
Name of producer, publisher, distributor, manufacturer Mc Graw-Hill,
Date of production, publication, distribution, manufacture, or copyright notice 2011.
300 ## - PHYSICAL DESCRIPTION
Extent 800 p. ;
Other physical details Ill;
Dimensions 24 cm.
653 ## - INDEX TERM--UNCONTROLLED
keyword Construction Planning Equipment,and Methods
653 ## - INDEX TERM--UNCONTROLLED
keyword მშენებლობის დაგეგმვის აღჭურვილობა და მეთოდები
942 ## - ADDED ENTRY ELEMENTS (KOHA)
Koha item type წიგნი
Source of classification or shelving scheme
ეგზემპლარები
Withdrawn status Lost status Source of classification or shelving scheme Damaged status Not for loan Permanent Location Current Location Shelving location Date acquired Cost, normal purchase price Full call number Barcode Date last seen Copy number Price effective from Koha item type Public note
          ბათუმის შოთა რუსთაველის სახელმწიფო უნივერსიტეტის მთავარი ბიბლიოთეკა ტექნოლოგიური ფაკულტეტის ბიბლიოთეკა წიგნსაცავი 2018-12-17 396.00 690 C-74 24131 2018-12-17 24131 2018-12-17 წიგნი 396 gel.